000
00331nam a22001457a 4500
008
230703b ||||| |||| 00| 0 eng d
020
_a
9780896034358
041
_a
eng
080
_a
616.8
082
_a
616.8MAR
100
_a
14
101
_a
TRURI
245
_a
DISCOVERIES IN THE HUMAN BRAIN
_c
MARSHALL.H.L
942
_2
udc
_c
BK
999
_c
60082
_d
60082